000
00240 a2200097 4500
001
59143
100
_a
245
_a
Hazrat Yosha (A.S); qasas-ul ambia for childrens
260
_a
Karacahi
_b
Children Books Pub
_c
2007
090
_c
36215
_d
36215
942
_a
NUST-CAE
_c
_c
29131
999
_c
294216
_d
294216